Ont-ils déjà joué avec... Sarah Michelle Gellar ? - Statistiques

Statistiques générales
  • Ce quiz a été pris 5 fois
  • Le résultat moyen est 3 sur 10
Answers on the Grid
Answers color-coded by a green-red scale on the quiz's grid according to % correct below.
Timothée Chalamet
Britney Spears
Joseph Gordon-Levitt
Paul Walker
Kate Winslet
Emily Blunt
Hugh Laurie
Jason Bateman
Michael J. Fox
John Cusak
Charlotte Gainsbourg
Kevin Smith
Dwayne Johnson
Patricia Clarkson
Julie Delpy
Alec Baldwin
Seth Green
Courteney Cox
Rowan Atkinson
Reese Witherspoon
 
Statistiques - réponses
Réponse % Correct
Courteney Cox
75%
Dwayne Johnson
50%
Alec Baldwin
25%
Julie Delpy
25%
Patricia Clarkson
25%
Rowan Atkinson
25%
Seth Green
25%
Kevin Smith
0%
Paul Walker
0%
Reese Witherspoon
0%
Aucun quiz correspondant
Distribution des résultats
% des personnes avec chaque résultat
Percentile par nombre de réponses
Votre historique - résultats
Vous n’avez pas pris ce quiz